| Поле | Инд. | ПП | Название | Значение |
|---|---|---|---|---|
| Тип записи | a | |||
| Библиографический уровень | m | |||
| 001 | Контрольный номер | RU/LIBMSTU/264871096 | ||
| 005 | Дата корректировки | 20131228142024.6 | ||
| 008 | Кодируемые данные | 080528|||||||||ru |||||||||||000|||rus|| | ||
| 020 | a | ISBN | 978-5-86185-351-4 | |
| c | Цена, тираж | 145-01 | ||
| 040 | b | Код языка каталог. | rus | |
| 041 | a | Код языка текста | rus | |
| 084 | a | Индекс другой классификации/Индекс ББК | 67.404.0 | |
| 090 | a | Полочн. индекс | 67.404 | |
| x | Авторский знак | М 17 | ||
| 100 | 1_ | a | Автор | Максимец Л. Г. |
| 110 | 2_ | a | Организация/ юрисдикция | Мурманский государственный технический университет |
| 245 | 10 | a | Заглавие | Принципы-нормы и принципы-идеи гражданского права |
| c | Ответственность | Гос. ком. Рос. Федерации по рыболовству, Мурман. гос. техн. ун-т | ||
| 260 | a | Место издания | Мурманск | |
| b | Издательство | Изд-во МГТУ | ||
| c | Дата издания | 2008 | ||
| 300 | a | Объем | 117 с. | |
| 500 | a | Примечание | Имеется электрон. аналог 2008 г. | |
| 504 | a | Библиография | Библиогр.: с. 113-117 | |
| 650 | a | Основная рубрика | Гражданское право | |
| 653 | a | Ключевые слова | Право | |
| 653 | 1_ | a | Ключевые слова | Гражданское право |
| 653 | 1_ | a | Ключевые слова | Нормы гражданского права |
| 653 | 1_ | a | Ключевые слова | Принципы гражданского права |
| 653 | 1_ | a | Ключевые слова | Гражданско-правовые принципы |
| 901 | t | Тип документа | m |